| 000 | 00802nam a2200253Ia 4500 | ||
|---|---|---|---|
| 003 | OSt | ||
| 005 | 20220927105733.0 | ||
| 006 | a|||||r|||| 00| 0 | ||
| 007 | ta | ||
| 008 | 220926b |||||||| |||| 00| 0 eng d | ||
| 020 | _a8176000345 | ||
| 024 | _a203659 | ||
| 037 | _cReference Collections | ||
| 040 |
_aRTL _cRTL _beng |
||
| 041 |
_2eng _aeng |
||
| 082 | _a"X9:95.2, N8" | ||
| 100 |
_aSOMAYAJULU V V N _9374584 |
||
| 245 | 0 |
_aPrivatisation in Indian industry _b" Conceptual issues, problems, applications, perspectives and countries' experiences" |
|
| 260 |
_a"Rohtak," _b"Spellbound Publications, " _c1998 |
||
| 300 |
_a"vii, 183p" _ccm. |
||
| 500 | _aBibliography chapterwise | ||
| 942 |
_h"X9:95.2, N8" _cCC |
||
| 999 |
_c694250 _d694250 |
||